ბათუმის შოთა რუსთაველის სახელმწიფო უნივერსიტეტის ბიბლიოთეკა

Международное коммерческое право : (ბიბ.ჩანაწერი № 36140)

000 -LEADER
fixed length control field 00802nam a2200217Ia 4500
001 - CONTROL NUMBER
control field 2040
003 - CONTROL NUMBER IDENTIFIER
control field GE_BSU
005 - DATE AND TIME OF LATEST TRANSACTION
control field 20221007105935.0
008 - FIXED-LENGTH DATA ELEMENTS--GENERAL INFORMATION
fixed length control field 181216s2007ru xx |||||||||||||| ||rus||
020 ## - INTERNATIONAL STANDARD BOOK NUMBER
International Standard Book Number 9785365008687
040 ## - CATALOGING SOURCE
Transcribing agency GE_BSU
080 ## - UNIVERSAL DECIMAL CLASSIFICATION NUMBER
Universal Decimal Classification number 341.9(075.8) М-43
245 ## - TITLE STATEMENT
Title Международное коммерческое право :
Remainder of title Уч-е пособие /
Statement of responsibility, etc. Под общ. В.Ф. Попондопуло
250 ## - EDITION STATEMENT
Edition statement 2-е изд. стереот.
264 ## - PRODUCTION, PUBLICATION, DISTRIBUTION, MANUFACTURE, AND COPYRIGHT NOTICE
Place of production, publication, distribution, manufacture Москва :
Name of producer, publisher, distributor, manufacturer Омега-Л,
Date of production, publication, distribution, manufacture, or copyright notice 2007
300 ## - PHYSICAL DESCRIPTION
Extent 472 стр.:
Other physical details 21см.
653 ## - INDEX TERM--UNCONTROLLED
keyword Международное коммерческое право
653 ## - INDEX TERM--UNCONTROLLED
keyword საერთაშორისო ბიზნეს სამართალი
653 ## - INDEX TERM--UNCONTROLLED
keyword სამართალი
942 ## - ADDED ENTRY ELEMENTS (KOHA)
Koha item type წიგნი
Source of classification or shelving scheme
ეგზემპლარები
Withdrawn status Lost status Source of classification or shelving scheme Damaged status Not for loan Permanent Location Current Location Shelving location Date acquired Cost, normal purchase price Full call number Barcode Date last seen Copy number Price effective from Koha item type Public note
          ბათუმის შოთა რუსთაველის სახელმწიფო უნივერსიტეტის მთავარი ბიბლიოთეკა ბათუმის შოთა რუსთაველის სახელმწიფო უნივერსიტეტის მთავარი ბიბლიოთეკა წიგნსაცავი 2018-12-17 20.00 341.9(075.8) М-43 3880 2018-12-17 3880 2018-12-17 წიგნი 20.00